01121cam a22002651 4500001001300000003000400013005001700017008004100034010001700075035001900092040004600111050001600157100003800173245012600211260004500337300009000382500010300472500003600575500010500611650002300716650003900739650002700778710003300805999001700838gs 06000192 DLC20260227111303.0810602s1892 xxcab 000 0 eng c ags 06000192  a(OCoLC)7468785 aLibrary U.S. Geological SurveycOAkUdDLC00aQE188b.T961 aTyrrell, Joseph Burr,d1858-1957.10aReport on north-western Manitoba,bwith portions of the adjacent districts of Assiniboia and Saskatchewan;cJ. B. Tyrell. aOttawa,bPrinted by S. E. Dawson,c1892. a235E, [237]-240 p.billus., 7 pl. (part fold.) 2 fold. col. maps. (in pocket)c25 cm. aSame report without Appendix and index, in Canada. Geological survey. Annual report vol. 5, pt. E. a"Previous reports": p. 19E-21E. aAppendix: List of photographs taken during the course of the explorations in the summers of 1887-90. 0aGeologyzManitoba. 0aGeologyzSaskatchewanzAssiniboia. 0aGeologyzSaskatchewan.2 aGeological Survey of Canada. c24396d24396